| 000 | 00583nam a2200169 4500 | ||
|---|---|---|---|
| 001 | 112647 | ||
| 003 | ES-MaACL | ||
| 005 | 20230906185601.0 | ||
| 007 | t| | ||
| 008 | 061121s1973 sp r ||||1| spa d | ||
| 100 | 1 |
_aMur Estevan, Antonio. _984526 |
|
| 245 | 1 | 0 |
_aMito y Biblia _b: historicidad de los Evangelios : cuestiones bíblicas / _cpor Antonio Mur Estevan , con la colaboración de José Alonso Díaz, S. J. |
| 260 |
_aZaragoza : _bHechos y dichos, _c1973. |
||
| 300 |
_a271 p. ; _c21 cm. |
||
| 700 | 1 |
_aAlondo Díaz, José. _920179 |
|
| 852 |
_aES-MaACL _jC-53927 _bR.86510 |
||
| 999 |
_c112647 _d112647 |
||